Vector analysis with applications (Record no. 7970)

000 -LEADER
fixed length control field 00491nam a22001937a 4500
001 - CONTROL NUMBER
control field 7970
003 - CONTROL NUMBER IDENTIFIER
control field BD-DhUET
008 - FIXED-LENGTH DATA ELEMENTS--GENERAL INFORMATION
fixed length control field 141221b xxu||||| |||| 00| 0 eng d
040 ## - CATALOGING SOURCE
Transcribing agency 0
Modifying agency BD-DhUET
082 ## - DEWEY DECIMAL CLASSIFICATION NUMBER
Classification number 516.83
Item number ALI/1977
100 ## - MAIN ENTRY--PERSONAL NAME
Personal name Ali Ashraf
245 ## - TITLE STATEMENT
Title Vector analysis with applications
Statement of responsibility, etc. by Ali Ashraf
250 ## - EDITION STATEMENT
Edition statement 1st ed.
260 ## - PUBLICATION, DISTRIBUTION, ETC. (IMPRINT)
Place of publication, distribution, etc. Dhaka
Name of publisher, distributor, etc. Hafiz book centre
Date of publication, distribution, etc. 1977
300 ## - PHYSICAL DESCRIPTION
Extent 340[2]p.
Other physical details ill.
650 #0 - SUBJECT ADDED ENTRY--TOPICAL TERM
Topical term or geographic name as entry element Vector analysis
700 ## - ADDED ENTRY--PERSONAL NAME
Personal name Abdul Khaleq Hazra, Md.
942 ## - ADDED ENTRY ELEMENTS (KOHA)
Koha item type General Book
Holdings
Koha date last borrowed Koha date last seen Koha full call number Shelving location Koha normalized classification for sorting Copy number Date acquired Source of classification or shelving scheme Damaged status Koha item type Withdrawn status Lost status Price effective from Not for loan Koha issues (times borrowed) Koha out on loan Sublocation or collection (holding branch) Piece designation (barcode) Location (home branch)
2023-09-262025-11-09516.83/ALI/1977Circulation section516_830000000000000_ALI_197712014-12-21  General Book  2014-12-21 13 Central Library, BUET48782Central Library, BUET
2024-02-042024-02-04516.83/ALI/1977Circulation section516_830000000000000_ALI_197722015-03-31  General Book  2015-03-31 92024-02-18Central Library, BUET48785Central Library, BUET
 2015-06-07516.83/ALI/1977Reading section516_830000000000000_ALI_197732015-06-07  General Book  2015-06-07   Central Library, BUET56215Central Library, BUET
 2015-06-07516.83/ALI/1977Reading section516_830000000000000_ALI_197742015-06-07  General Book  2015-06-07   Central Library, BUET56213Central Library, BUET
 2015-06-07516.83/ALI/1977Reading section516_830000000000000_ALI_197752015-06-07  General Book  2015-06-07   Central Library, BUET56216Central Library, BUET
 2015-06-07516.83/ALI/1977Reading section516_830000000000000_ALI_197762015-06-07  General Book  2015-06-07   Central Library, BUET56218Central Library, BUET
2024-10-232025-11-09516.83/ALI/1977Circulation section516_830000000000000_ALI_197772015-07-12  General Book  2015-07-12 1 Central Library, BUET56212Central Library, BUET